La comunidad nacional y usted al Consejo con Carlos Monge A.

Gespeichert in:
Bibliographische Detailangaben
1. Verfasser: Monge Alfaro, Carlos
Format: Text
Veröffentlicht: sn.t. :
Tags: Tag hinzufügen
Keine Tags, Fügen Sie den ersten Tag hinzu!

MARC

LEADER 00000 a a2200000 04500
001 15872
003
040
090 |a 016200  
100 |a Monge Alfaro, Carlos  
245 |a La comunidad nacional y usted al Consejo con Carlos Monge A.  
260 |a sn.t. :  
300 |a 7; 15 p.  
999 |c 13542  |d 13542